|
|
|
|
| LEADER |
01758nam a22003858i 4500 |
| 001 |
34362 |
| 003 |
BD-DhAAL |
| 005 |
20190321104544.0 |
| 008 |
190321t2019 nyu b 001 0 eng |
| 999 |
|
|
|c 40492
|d 40492
|
| 010 |
|
|
|a 2018018206
|
| 020 |
|
|
|a 9781138961562 (pbk : alk. paper)
|
| 020 |
|
|
|a 9781138961555 (hbk :alk. paper)
|
| 020 |
|
|
|z 9781315659725 (ebk)
|
| 040 |
|
|
|a DLC
|b eng
|e rda
|c DLC
|d BD-DhAAL
|
| 042 |
|
|
|a pcc
|
| 050 |
0 |
0 |
|a LC191
|b .M2674 2019
|
| 082 |
0 |
0 |
|a 306.43
|2 23
|
| 100 |
1 |
|
|a Martusewicz, Rebecca A.
|9 30337
|
| 245 |
1 |
2 |
|a A pedagogy of responsibility :
|b Wendell Berry for ecojustice education /
|c Rebecca A. Martusewicz.
|
| 260 |
|
|
|a New York, NY :
|b Routledge,
|c 2019.
|
| 263 |
|
|
|a 1810
|
| 300 |
|
|
|a xvi, 186 pages ;
|c 23 cm
|
| 504 |
|
|
|a Includes bibliographical references and index.
|
| 505 |
0 |
|
|a Neoliberalism and the dis-membering of community (with Gary Schnakenberg) -- The bonds of love -- Settler colonialism and the unsettling of America -- Degraded bodies, degraded earth -- STEM education and the miracle of life (with Katy Adams) -- Health as holism (with Kristi Wilson) -- Re-membering "the room of love" -- What is education for?
|
| 526 |
|
|
|a AAL
|
| 541 |
|
|
|a Parama
|e 34362
|
| 600 |
1 |
0 |
|a Berry, Wendell,
|d 1934-
|9 30338
|
| 650 |
|
0 |
|a Educational sociology.
|9 30339
|
| 650 |
|
0 |
|a Environmental justice
|x Study and teaching.
|9 30340
|
| 650 |
|
0 |
|a Environmental responsibility
|x Study and teaching.
|9 30341
|
| 650 |
|
0 |
|a Social justice
|x Study and teaching.
|9 30342
|
| 852 |
|
|
|a Ayesha Abed Library
|c General Stacks
|
| 942 |
|
|
|2 ddc
|c BK
|
| 952 |
|
|
|0 0
|1 0
|2 ddc
|4 0
|6 306_430000000000000_MAR
|7 0
|9 65121
|a BRACUL
|b BRACUL
|c GEN
|d 2019-02-26
|e Parama
|g 2555.29
|l 0
|o 306.43 MAR
|p 3010034362
|r 2019-02-26
|t 1
|v 2555.29
|w 2019-02-26
|y BK
|